Alternativas a Piaget: ensayos críticos sobre la teoría
Պահպանված է:
| Հիմնական հեղինակներ: | , |
|---|---|
| Ձևաչափ: | Գիրք |
| Լեզու: | իսպաներեն |
| Հրապարակվել է: |
Madrid
Pirámide
1983
|
| Շարք: | Colección psicología
|
| Խորագրեր: | |
| Ցուցիչներ: |
Ավելացրեք ցուցիչ
Չկան պիտակներ, Եղեք առաջինը, ով նշում է այս գրառումը!
|
MARC
| LEADER | 00000nam a2200000 a 4500 | ||
|---|---|---|---|
| 001 | UCY6536 | ||
| 003 | CL-VaPUC | ||
| 008 | 950526e19830000SP |||||||||||||||||spa|d | ||
| 082 | 0 | 4 | |a 153.9 |b SIE |2 21 |
| 100 | 0 | |a Siegel, Linda S |e author |9 336518 | |
| 700 | 0 | |a Brainerd, Charles J |e author |9 336519 | |
| 245 | 1 | 0 | |a Alternativas a Piaget: ensayos críticos sobre la teoría |
| 300 | |a 254 p | ||
| 942 | |c BK | ||
| 945 | |d 19950526 00:00:00 |a cmena | ||
| 260 | |a Madrid |b Pirámide |c 1983 | ||
| 600 | 0 | 7 | |a PIAGET, JEAN |2 CL-VaPUC |9 308149 |
| 650 | 0 | |a Psicología |9 257863 | |
| 650 | 0 | |a Atracción interpersonal |9 334940 | |
| 650 | 7 | |a INVESTIGACION PSICOLOGICA |2 CL-VaPUC |9 309030 | |
| 650 | 0 | |a Niños |9 255605 | |
| 650 | 0 | |a Psicolingüística |9 283371 | |
| 650 | 0 | |a Aprendizaje |9 254827 | |
| 650 | 0 | |a Percepción |9 266750 | |
| 650 | 0 | |a Educación |9 258661 | |
| 650 | 0 | |a Lógica |9 256849 | |
| 583 | |a last modification |c 19950526 00:00:00 |k Rodrigo Vera | ||
| 490 | 0 | |a Colección psicología | |
| 999 | |c 234096 |d 234094 | ||
| 952 | |0 0 |1 0 |4 0 |6 153_900000000000000_SIE_1983 |7 0 |8 A |9 240073 |a BIBEDU |b BIBEDU |d 2019-11-18 |i 1507591 |o 153.9 SIE 1983 |p 1507591 |r 2019-11-18 |w 2019-11-18 |y BK |k EDU | ||